[Event "NED-ch U16 op"]
[Site "Borne"]
[Date "2013.08.07"]
[Round "5"]
[White "Borm, Bart"]
[Black "Muller, Menno"]
[Result "1/2-1/2"]
[WhiteElo "1393"]
[BlackElo "965"]
[PlyCount "143"]
[EventDate "2013.08.05"]
[EventType "swiss"]
[EventRounds "9"]
[EventCountry "NED"]
[SourceTitle "EXT 2015"]
[Source "ChessBase"]
[SourceDate "2014.11.20"]
[SourceVersion "1"]
[SourceVersionDate "2014.11.20"]
[SourceQuality "1"]

1. e4 c5 2. Nf3 g6 3. d4 cxd4 4. c3 Nf6 5. e5 Nd5 6. Bc4 Nb6 7. Bxf7+ Kxf7 8. Ng5+ Kg8 9. h4 h6 10. Ne4 Bg7 11. h5 g5 12. Nxg5 d6 13. exd6 Qxd6 14. Ne4 Qe5 15. Qe2 Nc6 16. f4 Qd5 17. g4 Bxg4 18. Qg2 Bxh5 19. Rg1 Rh7 20. c4 Qxc4 21. Nbd2 Qb5 22. Nf3 Kh8 23. Nfg5 hxg5 24. Nxg5 Nb4 25. Nxh7 Bh6 26. Qe4 Nc6 27. Rh1 Nc4 28. a3 Nd6 29. Qe6 Kxh7 30. f5 Qxf5 31. Qxh6+ Kg8 32. Rxh5 Qe4+ 33. Kd1 Qf3+ 34. Kc2 Qe4+ 35. Kb3 Nf7 36. Qd2 Qf3+ 37. Ka2 Qxh5 38. Qg2+ Kf8 39. Bd2 e6 40. Rh1 Qd5+ 41. Qxd5 exd5 42. b4 a5 43. b5 Nce5 44. Bf4 Re8 45. Rf1 Re6 46. Kb3 Ke8 47. Rd1 Nf3 48. Bc7 b6 49. Ka4 N7g5 50. Bxb6 Rxb6 51. Kxa5 Rd6 52. b6 Ne5 53. Re1 Ngf3 54. b7 Nxe1 55. b8Q+ Ke7 56. Qc7+ Nd7 57. Qc1 Re6 58. Qg5+ Nf6 59. Qg7+ Ke8 60. Kb5 d3 61. Qg6+ Kf8 62. a4 Nf3 63. Qxd3 Ne5 64. Qa3+ Kf7 65. a5 Nc4 66. Qc5 Nxa5 67. Qc7+ Re7 68. Qxa5 d4 69. Kc4 Rd7 70. Qb5 Ke7 71. Qxd7+ Kxd7 72. Kxd4 1/2-1/2

[Event "NED-ch U16 op"]
[Site "Borne"]
[Date "2013.08.06"]
[Round "2"]
[White "Muller, Menno"]
[Black "Mikeler, Marcel"]
[Result "0-1"]
[WhiteElo "965"]
[BlackElo "1729"]
[PlyCount "60"]
[EventDate "2013.08.05"]
[EventType "swiss"]
[EventRounds "9"]
[EventCountry "NED"]
[SourceTitle "EXT 2015"]
[Source "ChessBase"]
[SourceDate "2014.11.20"]
[SourceVersion "1"]
[SourceVersionDate "2014.11.20"]
[SourceQuality "1"]

1. c4 c5 2. g3 Nc6 3. Bg2 g6 4. Nc3 Bg7 5. e3 d6 6. Nf3 e5 7. e4 Nge7 8. d3 0-0 9. 0-0 h6 10. Re1 Be6 11. Nd5 Qd7 12. Qb3 f5 13. Bh3 g5 14. Bg2 Ng6 15. Qc3 f4 16. a3 Bg4 17. Nd2 f3 18. Bf1 Bh3 19. b4 Bxf1 20. Nxf1 Qh3 21. Nfe3 Nd4 22. Kh1 h5 23. Qb2 b6 24. Nc3 h4 25. Rg1 hxg3 26. Rxg3 Qh4 27. Ned5 Nf4 28. Bxf4 exf4 29. Rgg1 Kf7 30. bxc5 Rh8 0-1